<?xml version="1.0" encoding="UTF-8"?>
<record
    xmlns:xsi="http://www.w3.org/2001/XMLSchema-instance"
    xsi:schemaLocation="http://www.loc.gov/MARC21/slim http://www.loc.gov/standards/marcxml/schema/MARC21slim.xsd"
    xmlns="http://www.loc.gov/MARC21/slim">

  <leader>00866nam a22001937a 4500</leader>
  <controlfield tag="001">10059</controlfield>
  <controlfield tag="003">FISKH</controlfield>
  <controlfield tag="005">20260403111721.0</controlfield>
  <controlfield tag="008">260402b        cb ||||| |||| 00| 0 eng d</controlfield>
  <datafield tag="020" ind1=" " ind2=" ">
    <subfield code="a">9787568259453</subfield>
  </datafield>
  <datafield tag="040" ind1=" " ind2=" ">
    <subfield code="a">FISKH</subfield>
    <subfield code="b">chi</subfield>
    <subfield code="c">FISKH</subfield>
    <subfield code="d">FISKH</subfield>
  </datafield>
  <datafield tag="082" ind1=" " ind2=" ">
    <subfield code="a">895.63</subfield>
  </datafield>
  <datafield tag="100" ind1=" " ind2=" ">
    <subfield code="a">&#x5927;&#x6CFD;&#x5343;&#x52A0;</subfield>
  </datafield>
  <datafield tag="245" ind1=" " ind2=" ">
    <subfield code="a">&#x53EF;&#x4EE5;&#x81EA;&#x5DF1;&#x770B;&#x5BB6;&#x5417;&#xFF1F;( "Can I look after the house by myself?" ) /</subfield>
    <subfield code="c">&#x5927;&#x6CFD;&#x5343;&#x52A0;</subfield>
  </datafield>
  <datafield tag="300" ind1=" " ind2=" ">
    <subfield code="a">28 pages : </subfield>
    <subfield code="b">color illustrations ; </subfield>
    <subfield code="c">25 cm . </subfield>
  </datafield>
  <datafield tag="520" ind1=" " ind2=" ">
    <subfield code="a">&#x8FD9;&#x662F;&#x4E00;&#x672C;&#x6E29;&#x99A8;&#x7684;&#x513F;&#x7AE5;&#x7ED8;&#x672C;&#xFF0C;&#x8BB2;&#x8FF0;&#x5C0F;&#x52A8;&#x7269;&#x5728;&#x6210;&#x957F;&#x8FC7;&#x7A0B;&#x4E2D;&#x9762;&#x5BF9;&#x6311;&#x6218;&#x4E0E;&#x72EC;&#x7ACB;&#x7684;&#x6545;&#x4E8B;&#x3002;&#x901A;&#x8FC7;&#x201C;&#x662F;&#x5426;&#x53EF;&#x4EE5;&#x81EA;&#x5DF1;&#x770B;&#x5BB6;&#x201D;&#x8FD9;&#x6837;&#x7684;&#x60C5;&#x5883;&#xFF0C;&#x5F15;&#x5BFC;&#x5B69;&#x5B50;&#x601D;&#x8003;&#x8D23;&#x4EFB;&#x3001;&#x52C7;&#x6C14;&#x548C;&#x72EC;&#x7ACB;&#x6027;&#x3002;&#x6545;&#x4E8B;&#x753B;&#x9762;&#x6E29;&#x6696;&#x3001;&#x60C5;&#x8282;&#x7B80;&#x5355;&#x6613;&#x61C2;&#xFF0C;&#x975E;&#x5E38;&#x9002;&#x5408;&#x5E7C;&#x513F;&#x9605;&#x8BFB;&#xFF0C;&#x540C;&#x65F6;&#x4E5F;&#x5E2E;&#x52A9;&#x5BB6;&#x957F;&#x4E0E;&#x5B69;&#x5B50;&#x8FDB;&#x884C;&#x4EB2;&#x5B50;&#x5171;&#x8BFB;&#x4E0E;&#x6210;&#x957F;&#x5F15;&#x5BFC;&#x3002;</subfield>
  </datafield>
  <datafield tag="942" ind1=" " ind2=" ">
    <subfield code="2">ddc</subfield>
    <subfield code="c">BOOK</subfield>
    <subfield code="n">0</subfield>
  </datafield>
  <datafield tag="999" ind1=" " ind2=" ">
    <subfield code="c">10059</subfield>
    <subfield code="d">10059</subfield>
  </datafield>
  <datafield tag="952" ind1=" " ind2=" ">
    <subfield code="0">0</subfield>
    <subfield code="1">0</subfield>
    <subfield code="2">ddc</subfield>
    <subfield code="4">0</subfield>
    <subfield code="7">0</subfield>
    <subfield code="8">REF</subfield>
    <subfield code="a">002</subfield>
    <subfield code="b">002</subfield>
    <subfield code="c">LSHTTP</subfield>
    <subfield code="d">2026-04-02</subfield>
    <subfield code="l">0</subfield>
    <subfield code="o">&#x5927;&#x6CFD;&#x5343;&#x52A0; 895.63</subfield>
    <subfield code="p">2026-0442</subfield>
    <subfield code="r">2026-04-02 14:01:56</subfield>
    <subfield code="w">2026-04-02</subfield>
    <subfield code="y">BOOK</subfield>
  </datafield>
</record>
